| 000 | 00350nam a2200121Ia 4500 | ||
|---|---|---|---|
| 008 | 220214s9999 xx 000 0 und d | ||
| 100 |
_aArneth Almut _cetal |
||
| 245 | 0 | _aClean the air, heat the planet? | |
| 260 |
_bScience _c2009 |
||
| 300 | _a672-673 | ||
| 520 | _aArticles bound received from Dr. James Jacob, Director(R), March 2010 | ||
| 942 | _cRE | ||
| 999 |
_c45397 _d45397 |
||